000 00508nam a2200181Ia 4500
003 GCL
008 140319s9999 xx 000 0 eng d
040 _aGCL /
_cGCL
082 0 4 _a658.4
_bN P
100 1 _aNUNN, HENRY LIGHTFOOT
245 1 0 _aPARTNERS IN PRODUCTION: A NEW ROLE FOR MANAGEMENT AND LABOR /
_cNUNN, HENRY LIGHTFOOT
260 _a[S.N] :
_bPRENTICE - HALL, INC ،
_c1961
300 _a221 P
650 0 4 _aMANAGEMENT
650 0 4 _aEXECUTIVE MANAGEMENT
650 0 4 _aLABOR
942 _2ddc
_cBK
999 _c14929
_d14929